<?xml version="1.0" encoding="UTF-8"?>
<record
    xmlns:xsi="http://www.w3.org/2001/XMLSchema-instance"
    xsi:schemaLocation="http://www.loc.gov/MARC21/slim http://www.loc.gov/standards/marcxml/schema/MARC21slim.xsd"
    xmlns="http://www.loc.gov/MARC21/slim">

  <leader>01308nam a22002537a 4500</leader>
  <controlfield tag="003">OSt</controlfield>
  <controlfield tag="005">20230824095046.0</controlfield>
  <controlfield tag="008">221006b        |||||||| |||| 00| 0 eng d</controlfield>
  <datafield tag="040" ind1=" " ind2=" ">
    <subfield code="c">Biblioteca Lado V</subfield>
  </datafield>
  <datafield tag="082" ind1=" " ind2=" ">
    <subfield code="a">707</subfield>
    <subfield code="b">G633c</subfield>
  </datafield>
  <datafield tag="100" ind1=" " ind2=" ">
    <subfield code="9">966</subfield>
    <subfield code="a">G&#xF3;mez, Pedro Pablo</subfield>
    <subfield code="e">editor</subfield>
  </datafield>
  <datafield tag="245" ind1=" " ind2=" ">
    <subfield code="a">Calle14 | Revista de investigaci&#xF3;n en el campo del arte/</subfield>
    <subfield code="b">La cuesti&#xF3;n est&#xE9;tica y la(s) est&#xE9;tica(s) en cuesti&#xF3;n/</subfield>
  </datafield>
  <datafield tag="260" ind1=" " ind2=" ">
    <subfield code="b">Colombia</subfield>
    <subfield code="a">Universidad Distrital Francisco Jos&#xE9; de Caldas</subfield>
    <subfield code="c">2011</subfield>
  </datafield>
  <datafield tag="300" ind1=" " ind2=" ">
    <subfield code="c">23x30cm</subfield>
    <subfield code="a">160p.</subfield>
  </datafield>
  <datafield tag="490" ind1=" " ind2=" ">
    <subfield code="a">7</subfield>
    <subfield code="v">5</subfield>
    <subfield code="x">2011-3757</subfield>
  </datafield>
  <datafield tag="505" ind1=" " ind2=" ">
    <subfield code="t">EDITORIAL</subfield>
  </datafield>
  <datafield tag="505" ind1=" " ind2=" ">
    <subfield code="a">DE V&#xCD;RGULA A BRAGUETA</subfield>
    <subfield code="t">AUTOR INVITADO</subfield>
  </datafield>
  <datafield tag="505" ind1=" " ind2=" ">
    <subfield code="a">LA IDEA DE LO TREMENDO

FORMAS DE PRODUCCI&#xD3;N DEL DESEO EN LA EDUCACI&#xD3;N MUSICAL UNIVERSITARIA

DE LA GENEALOG&#xCD;A DEL ARTE

"TERAPIA" A LA PREGUNTA FILOS&#xD3;FICA

POSTALES AUDIOVISUALES

DEL MITO CREACIONISMO AL MITO FUTURISTA</subfield>
    <subfield code="t">SECCI&#xD3;N CENTRAL</subfield>
  </datafield>
  <datafield tag="505" ind1=" " ind2=" ">
    <subfield code="a">"NEOPTIKS"

XX SAL&#xD3;N DE ARTISTAS NACIONALES VS. SAL&#xD3;N NACIONAL 1969

EL MUSEO COMO REPRESENTACI&#xD3;N DE LOS CONFLICTOS CULTURALES</subfield>
    <subfield code="t">SECCI&#xD3;N TRANSVERSAL</subfield>
  </datafield>
  <datafield tag="650" ind1=" " ind2=" ">
    <subfield code="2">Tesauro de Arte &amp; Arquitectura</subfield>
    <subfield code="a">ARTE</subfield>
  </datafield>
  <datafield tag="650" ind1=" " ind2=" ">
    <subfield code="2">Tesauro de Arte &amp; Arquitectura</subfield>
    <subfield code="a">INVESTIGACI&#xD3;N</subfield>
    <subfield code="9">702</subfield>
  </datafield>
  <datafield tag="650" ind1=" " ind2=" ">
    <subfield code="2">Tesauro de Arte &amp; Arquitectura</subfield>
    <subfield code="a">EST&#xC9;TICA</subfield>
    <subfield code="9">703</subfield>
  </datafield>
  <datafield tag="942" ind1=" " ind2=" ">
    <subfield code="2">ddc</subfield>
    <subfield code="c">1</subfield>
    <subfield code="h">707</subfield>
    <subfield code="i">G633e</subfield>
    <subfield code="n">0</subfield>
  </datafield>
  <datafield tag="999" ind1=" " ind2=" ">
    <subfield code="c">4209</subfield>
    <subfield code="d">4209</subfield>
  </datafield>
  <datafield tag="952" ind1=" " ind2=" ">
    <subfield code="0">0</subfield>
    <subfield code="1">0</subfield>
    <subfield code="2">ddc</subfield>
    <subfield code="3">5</subfield>
    <subfield code="4">0</subfield>
    <subfield code="7">0</subfield>
    <subfield code="8">Revistas</subfield>
    <subfield code="a">LV</subfield>
    <subfield code="b">LV</subfield>
    <subfield code="d">2023-08-24</subfield>
    <subfield code="h">7</subfield>
    <subfield code="i">005188</subfield>
    <subfield code="l">0</subfield>
    <subfield code="o">707 G633c</subfield>
    <subfield code="p">005188</subfield>
    <subfield code="r">2023-08-24 00:00:00</subfield>
    <subfield code="w">2023-08-24</subfield>
    <subfield code="y">1</subfield>
  </datafield>
</record>
